[Event "Recco op 2nd"]
[Site "Recco"]
[Date "2008.11.29"]
[Round "2"]
[White "Sabba, Giorgio"]
[Black "Lettich, Sergio"]
[Result "1/2-1/2"]
[WhiteElo "1918"]
[BlackElo "2032"]
[PlyCount "53"]
[EventDate "2008.11.28"]
[EventType "swiss"]
[EventRounds "5"]
[EventCountry "ITA"]
[SourceTitle "EXT 2011"]
[Source "ChessBase"]
[SourceDate "2010.11.26"]
[SourceVersion "1"]
[SourceVersionDate "2010.11.26"]
[SourceQuality "1"]

1. e4 c5 2. Nf3 d6 3. d4 cxd4 4. Nxd4 Nf6 5. Nc3 a6 6. Bc4 e6 7. Bb3 Be7 8. Qf3 Qc7 9. Qg3 Nc6 10. Nxc6 Qxc6 11. f3 Bd7 12. Be3 b5 13. 0-0 0-0 14. Bh6 Ne8 15. a3 Kh8 16. Be3 Rc8 17. Rad1 a5 18. Rd2 b4 19. axb4 axb4 20. Ne2 Bf6 21. Bf4 e5 22. Bg5 Qb6+ 23. Kh1 Bb5 24. Rfd1 Rd8 25. Bxf6 Nxf6 26. Qe1 Qc5 27. Nc1 1/2-1/2

[Event "Recco op 2nd"]
[Site "Recco"]
[Date "2008.11.28"]
[Round "1"]
[White "Lettich, Sergio"]
[Black "Bozzo, Alberto"]
[Result "1/2-1/2"]
[WhiteElo "2032"]
[BlackElo "1686"]
[PlyCount "74"]
[EventDate "2008.11.28"]
[EventType "swiss"]
[EventRounds "5"]
[EventCountry "ITA"]
[SourceTitle "EXT 2011"]
[Source "ChessBase"]
[SourceDate "2010.11.26"]
[SourceVersion "1"]
[SourceVersionDate "2010.11.26"]
[SourceQuality "1"]

1. d4 Nf6 2. c4 e6 3. Nc3 d5 4. e3 Bb4 5. a3 Be7 6. Nf3 0-0 7. Bd3 Nbd7 8. 0-0 a6 9. Qc2 dxc4 10. Bxc4 b5 11. Bd3 Bb7 12. b4 Nb6 13. Bb2 c6 14. Rfd1 Nbd5 15. Ne4 Nd7 16. Nc5 Nxc5 17. dxc5 Bf6 18. Nd4 Qc7 19. Nb3 Rad8 20. Qe2 Bxb2 21. Qxb2 e5 22. Be2 f6 23. Nd2 Bc8 24. Ne4 Be6 25. Nd6 Ne7 26. Rd2 Rd7 27. Rad1 Rfd8 28. Bf3 Nc8 29. Nxc8 Qxc8 30. Rd6 Rxd6 31. cxd6 c5 32. bxc5 Qxc5 33. Qb4 Qb6 34. a4 Bc4 35. axb5 Qxb5 36. Bd5+ Bxd5 37. Qxb5 axb5 1/2-1/2

[Event "Arco op 23rd"]
[Site "Arco"]
[Date "2001.??.??"]
[Round "6"]
[White "Tocco, Paolo"]
[Black "Lettich, Sergio"]
[Result "1-0"]
[WhiteElo "2134"]
[BlackElo "2077"]
[PlyCount "61"]
[EventDate "2001.10.17"]
[EventType "swiss"]
[EventRounds "9"]
[EventCountry "ITA"]
[SourceTitle "CBM 085 Extra"]
[Source "ChessBase"]
[SourceDate "2002.01.21"]
[SourceVersion "1"]
[SourceVersionDate "2002.01.21"]
[SourceQuality "1"]

1. e4 c5 2. Nc3 Nc6 3. g3 d6 4. Bg2 Nf6 5. d3 e6 6. f4 Be7 7. Nf3 Qc7 8. 0-0 a6 9. h3 0-0 10. g4 Rb8 11. g5 Nd7 12. Nh2 b5 13. Be3 b4 14. Ne2 f6 15. h4 Re8 16. Ng3 Nf8 17. Qh5 g6 18. Qh6 Nd7 19. gxf6 Bxf6 20. h5 Bg7 21. Qg5 Nf8 22. hxg6 hxg6 23. Rae1 Qe7 24. Qg4 Nd4 25. Rf2 e5 26. f5 gxf5 27. exf5 Nh7 28. Bd5+ Kf8 29. Nh5 Bb7 30. f6 Nxf6 31. Rxf6+ 1-0

[Event "Arco op 22nd"]
[Site "Arco"]
[Date "2000.??.??"]
[Round "1"]
[White "Lettich, Sergio"]
[Black "Piankov, Evgenij"]
[Result "0-1"]
[WhiteElo "2082"]
[BlackElo "2375"]
[PlyCount "66"]
[EventDate "2000.10.??"]
[EventType "swiss"]
[EventRounds "9"]
[EventCountry "ITA"]
[SourceTitle "EXT 2001"]
[Source "ChessBase"]
[SourceDate "2000.11.22"]
[SourceVersion "1"]
[SourceVersionDate "2000.11.22"]
[SourceQuality "1"]

1. d4 d5 2. c4 e6 3. Nc3 c6 4. e3 f5 5. Nf3 Bd6 6. Bd3 Nf6 7. 0-0 0-0 8. Ne2 Ne4 9. Ne5 Nd7 10. f4 Ndf6 11. Qe1 Bd7 12. Ng3 Be8 13. Nxe4 Nxe4 14. Bxe4 dxe4 15. Bd2 c5 16. Bc3 Bxe5 17. fxe5 cxd4 18. exd4 b5 19. Qe3 bxc4 20. Bb4 Rf7 21. Bd6 Bc6 22. Rf2 Bd5 23. Raf1 Qh4 24. g3 Qh5 25. h4 h6 26. Rh2 Kh7 27. Qf4 Rb7 28. Qe3 Rg8 29. Ba3 g6 30. Rhf2 g5 31. hxg5 Qxg5 32. Qxg5 Rxg5 33. Kh2 Rbg7 0-1

[Event "Arco op 22nd"]
[Site "Arco"]
[Date "2000.??.??"]
[Round "9"]
[White "Trauth, Michael"]
[Black "Lettich, Sergio"]
[Result "1-0"]
[WhiteElo "2221"]
[BlackElo "2082"]
[PlyCount "55"]
[EventDate "2000.10.??"]
[EventType "swiss"]
[EventRounds "9"]
[EventCountry "ITA"]
[SourceTitle "EXT 2001"]
[Source "ChessBase"]
[SourceDate "2000.11.22"]
[SourceVersion "1"]
[SourceVersionDate "2000.11.22"]
[SourceQuality "1"]

1. Nf3 d5 2. c4 e6 3. g3 Nf6 4. b3 c6 5. Bg2 Be7 6. 0-0 Nbd7 7. Bb2 0-0 8. d3 c5 9. e3 b6 10. Nc3 Bb7 11. Qe2 a6 12. Rfd1 Qc7 13. Rac1 Rac8 14. cxd5 exd5 15. d4 Qb8 16. Ne5 Rcd8 17. Nxd7 Rxd7 18. dxc5 bxc5 19. Na4 Qa7 20. Bxf6 Bxf6 21. Nxc5 Rdd8 22. Nxb7 Qxb7 23. Rc5 Qb6 24. Rcxd5 Rxd5 25. Bxd5 a5 26. Qc4 Qb4 27. Qc7 g6 28. Bc4 1-0

[Event "Arco op 21st"]
[Site "Arco"]
[Date "1999.10.29"]
[Round "7"]
[White "Lettich, Sergio"]
[Black "Astengo, Marcello"]
[Result "0-1"]
[WhiteElo "2182"]
[BlackElo "2017"]
[PlyCount "58"]
[EventDate "1999.10.23"]
[EventType "swiss"]
[EventRounds "9"]
[EventCountry "ITA"]
[SourceTitle "EXT 2000"]
[Source "ChessBase"]
[SourceDate "1999.11.16"]
[SourceVersion "1"]
[SourceVersionDate "1999.11.16"]
[SourceQuality "1"]

1. d4 d5 2. c4 e6 3. Nc3 c6 4. Nf3 Nd7 5. e3 Ngf6 6. Bd3 Bd6 7. 0-0 0-0 8. Qc2 Re8 9. e4 dxe4 10. Nxe4 Nxe4 11. Bxe4 h6 12. h3 e5 13. dxe5 Nxe5 14. Nxe5 Bxe5 15. Bf5 Qf6 16. Bxc8 Raxc8 17. Be3 Bb8 18. Rad1 Qe5 19. g3 Qh5 20. Kg2 Re6 21. Rd3 Rce8 22. Qd2 Qg6 23. b3 Qe4+ 24. Kh2 h5 25. Bd4 h4 26. Be3 Qf3 27. Qd1 hxg3+ 28. Kg1 gxf2+ 29. Bxf2 Rg6+ 0-1

[Event "Dortmund op-A"]
[Site "Dortmund"]
[Date "1999.07.11"]
[Round "3"]
[White "Wallhof, Dieter"]
[Black "Lettich, Sergio"]
[Result "0-1"]
[WhiteElo "2026"]
[BlackElo "2182"]
[PlyCount "48"]
[EventDate "1999.07.??"]
[EventType "swiss"]
[EventRounds "10"]
[EventCountry "GER"]
[SourceTitle "EXT 2002"]
[Source "ChessBase"]
[SourceDate "2001.11.25"]
[SourceVersion "1"]
[SourceVersionDate "2001.11.25"]
[SourceQuality "1"]

1. d4 Nf6 2. Bg5 Ne4 3. Bf4 d5 4. f3 Nd6 5. Nc3 e6 6. e4 c6 7. Bd3 Be7 8. Nge2 b5 9. 0-0 0-0 10. b3 f5 11. exd5 exd5 12. Qd2 Na6 13. a4 b4 14. Na2 g5 15. Bxd6 Bxd6 16. f4 g4 17. Rae1 Rb8 18. Nac1 Nc7 19. Ng3 c5 20. dxc5 Bxc5+ 21. Kh1 Rb6 22. Nge2 Rh6 23. g3 Qf6 24. Ng1 Bb7 0-1

[Event "Caorle op-B"]
[Site "Caorle"]
[Date "1991.07.12"]
[Round "7.21"]
[White "Casagrande, Rainiero"]
[Black "Lettich, Sergio"]
[Result "0-1"]
[WhiteElo "2000"]
[BlackElo "1812"]
[PlyCount "58"]
[EventDate "1991.07.05"]
[EventType "swiss"]
[EventRounds "8"]
[EventCountry "ITA"]
[SourceTitle "EXT 2023"]
[Source "ChessBase"]
[SourceDate "2022.10.05"]
[SourceVersion "1"]
[SourceVersionDate "2022.10.05"]
[SourceQuality "1"]

1. e4 c5 2. Nf3 e6 3. d4 cxd4 4. Nxd4 Nf6 5. Nc3 d6 6. Be2 a6 7. Be3 Be7 8. f4 Qc7 9. 0-0 Nc6 10. Qe1 0-0 11. Nb3 b5 12. Bf3 Bb7 13. Rd1 Rfe8 14. Kh1 Rad8 15. Qf2 Nd7 16. g4 Na5 17. Nd2 Nc4 18. Nxc4 Qxc4 19. Rd4 Qc8 20. Rd2 Nc5 21. Qg2 Qa8 22. b4 Nd7 23. a3 Rc8 24. Ne2 Rc4 25. Ng3 Rc3 26. Rd3 Rec8 27. Rc1 R8c4 28. Qd2 Qc8 29. Rxc3 Rxc3 0-1

[Event "Secondario 15th"]
[Site "Caorle"]
[Date "1990.07.13"]
[Round "7.30"]
[White "Negra, Massimiliano"]
[Black "Lettich, Sergio"]
[Result "1-0"]
[WhiteElo "1992"]
[BlackElo "1850"]
[PlyCount "93"]
[EventDate "1990.07.07"]
[EventType "swiss"]
[EventRounds "8"]
[EventCountry "ITA"]
[SourceTitle "EXT 2023"]
[Source "ChessBase"]
[SourceDate "2022.10.05"]
[SourceVersion "1"]
[SourceVersionDate "2022.10.05"]
[SourceQuality "1"]

1. c4 Nf6 2. d4 e6 3. Nc3 Bb4 4. Qc2 b6 5. a3 Bxc3+ 6. Qxc3 Bb7 7. Nf3 0-0 8. Bg5 d6 9. g3 h6 10. Bc1 Nbd7 11. Bg2 c5 12. e3 Ne4 13. Qc2 Qc7 14. b3 Ndf6 15. Bb2 cxd4 16. Nxd4 a6 17. Rc1 Ng5 18. 0-0 Bxg2 19. Kxg2 Qb7+ 20. f3 Ng4 21. Qc3 Nf6 22. e4 Rac8 23. Qe3 Nd7 24. h4 Nh7 25. Ne2 d5 26. Qd4 Ndf6 27. cxd5 exd5 28. e5 Ne8 29. Rxc8 Qxc8 30. Rc1 Qb7 31. Nf4 Nc7 32. Qc3 Ne6 33. Qc6 Nxf4+ 34. gxf4 Qe7 35. Kg3 Rd8 36. Qxb6 Nf8 37. Qxa6 Ng6 38. Rh1 Qd7 39. h5 Ne7 40. Qd3 Nf5+ 41. Kh2 Qe6 42. b4 Ne7 43. b5 Nc8 44. f5 Qd7 45. Rg1 Kh8 46. Rxg7 Rg8 47. Rxf7 1-0

[Event "Secondario 15th"]
[Site "Caorle"]
[Date "1990.07.09"]
[Round "3.17"]
[White "Lettich, Sergio"]
[Black "Pasqualin, Giorgio"]
[Result "0-1"]
[WhiteElo "1850"]
[BlackElo "2085"]
[PlyCount "98"]
[EventDate "1990.07.07"]
[EventType "swiss"]
[EventRounds "8"]
[EventCountry "ITA"]
[SourceTitle "EXT 2023"]
[Source "ChessBase"]
[SourceDate "2022.10.05"]
[SourceVersion "1"]
[SourceVersionDate "2022.10.05"]
[SourceQuality "1"]

1. d4 Nf6 2. c4 e6 3. Nc3 Bb4 4. e3 b6 5. Nf3 Bb7 6. Be2 Ne4 7. Qc2 0-0 8. 0-0 Bxc3 9. bxc3 f5 10. Ne1 d6 11. f3 Nf6 12. Nd3 Qe7 13. Nf2 Nbd7 14. e4 fxe4 15. fxe4 e5 16. Bf3 a5 17. Be3 Rae8 18. d5 Ba6 19. Be2 Qf7 20. Nh3 Qg6 21. Ng5 Nc5 22. Bxc5 Qxg5 23. Bf2 Qg6 24. Bd3 Ng4 25. Qe2 Nxf2 26. Rxf2 Rxf2 27. Qxf2 Rf8 28. Qe2 Qg5 29. Re1 Bc8 30. Qe3 Qf4 31. Qxf4 Rxf4 32. h3 h5 33. Rf1 h4 34. Rxf4 exf4 35. Kf2 Kf7 36. Kf3 g5 37. Be2 Kf6 38. Bd3 Bd7 39. Bc2 g4+ 40. hxg4 Kg5 41. Bd3 Bxg4+ 42. Kf2 h3 43. gxh3 Bxh3 44. Kf3 Bg4+ 45. Kf2 Bh5 46. Bc2 Kf6 47. Bd3 Ke5 48. a3 Bd1 49. Ke1 Bf3 0-1